Bienvenue à la Médiathèque de Saint-Andiol
banniere
Accueil Recherche avancée Mon compte
handi1 Rechercher dans le catalogue

Filtre   Mots-clés
  Recherche avancée
 
Lister les dernières nouveautés
 
Lister les livres GROS CARACTERES
 
Lister les périodiques (magazines)

handi1 Agatha Christie

Book Cover
Auteur principal : Agatha Christie
Titre : Agatha Christie
Support : Livres
Langue : Francais
Publié : 1997 Libr. des Champs-Elysées Paris
Genre : Policier
Collection : Intégrales du Masque
Sujets :
Étiquettes :
Pas de tags
LEADER 00917nam0a2200277 450
001 16868134
010 |a 2-7024-2087-7 
100 |a 19940831d1997 u u0frey01 ba 
101 0 |a fre 
102 |a FR 
200 0 |a Agatha Christie  |f Agatha Christie 
207 1 |a   
210 |a Paris  |c Libr. des Champs-Elysées  |d 1997 
215 |a 1268 p.  |d 19 cm 
225 1 |a Intégrales du Masque 
327 |a Le Meurtre de Roger Ackroyd,Les Quatre,Le Train bleu,Les Sept cadrans,Le Crime est notre affaire,L'Affaire Protheroe 
464 |a Le Meurtre de Roger Ackroyd 
464 |a Les Quatre 
464 |a Le Train bleu 
464 |a Les Sept cadrans 
464 |a Le Crime est notre affaire 
464 |a L'Affaire Protheroe 
700 0 |a Christie  |b Agatha  |f 1890-1976  |4 70 
900 |a Policier 
901 |a Adultes 
995 |a Médiathèque  |c Médiathèque  |f 00156003967056  |h 00156003967056  |k RP CHR  |o p  |q a  |r az  |e Médiathèque